Ibero : Revista de la Universidad Iberoamericana : año VIII, número 47, diciembre 2016-enero 2017 /

Uloženo v:
Podrobná bibliografie
Další autoři: Valle Cabello, Carlos Alfonso (dirección) (dirección)
Médium: Kniha
Jazyk:španělština
Vydáno: México : Universidad Iberoamericana, Plantel Santa Fe, 2017
Tagy: Přidat tag
Žádné tagy, Buďte první, kdo vytvoří štítek k tomuto záznamu!

MARC

LEADER 00000nam^a2200000^a^4500
001 000613320
005 20250521000000.0
009 20260310133619.325
037 |a Acervo ITESO - Biblioteca 
041 |a ESP 
091 |a FCR. 02395 
240 1 1 |a [Ibero: Revista de la Universidad Iberoamericana] 
245 0 0 |a Ibero :  |b Revista de la Universidad Iberoamericana : año VIII, número 47, diciembre 2016-enero 2017 / 
264 4 |a México :  |b Universidad Iberoamericana, Plantel Santa Fe,  |c 2017 
300 |a 52 p. 
336 |a texto  |b txt  |2 rdacontenido 
337 |a sin mediación  |b n  |2 rdamedio 
338 |a volumen  |b nc  |2 rdasoporte 
649 |a XX 
700 |a Valle Cabello, Carlos Alfonso  |e (dirección) 
910 |a Fondo Cristina Romo Gil 
920 |a Impresos - Libros 
930 |a Fondos Especiales 
905 |a 143 
901 |a 613320-10  |b IT2  |c ESP  |i D123344  |u 20250521 
902 |a https://opac.biblio.iteso.mx/vufind/Record/000613320